Preformance characteristics of heat exchangers considering fouling effect / (رقم التسجيلة. 84923)

تفاصيل مارك
000 -LEADER
fixed length control field 012320000a22003250004500
003 - CONTROL NUMBER IDENTIFIER
control field EG-GICUC
005 - DATE AND TIME OF LATEST TRANSACTION
control field 20250223032941.0
008 - FIXED-LENGTH DATA ELEMENTS--GENERAL INFORMATION
fixed length control field 070408s2003 ua d f m 000 0 eng d
040 ## - CATALOGING SOURCE
Original cataloging agency EG-GICUC
Language of cataloging eng
Transcribing agency EG-GICUC
041 0# - LANGUAGE CODE
Language code of text/sound track or separate title Eng
049 ## - LOCAL HOLDINGS (OCLC)
Holding library Deposite
097 ## - Thesis Degree
Thesis Level M.Sc
099 ## - LOCAL FREE-TEXT CALL NUMBER (OCLC)
Classification number Cai01.13.04.M.Sc.2003.Ha.P
100 0# - MAIN ENTRY--PERSONAL NAME
Personal name Hanan Elsayed Moussa Elsayed
245 10 - TITLE STATEMENT
Title Preformance characteristics of heat exchangers considering fouling effect /
Statement of responsibility, etc. Hanan Elsayed Moussa Elsayed ; Supervised Kamal Ahmed Abed , Mai M.K.Fouad
246 15 - VARYING FORM OF TITLE
Title proper/short title خصائص اداء المبادلات الحرارية مع الاخذ فى الاعتبار تأثير الترسبات
260 ## - PUBLICATION, DISTRIBUTION, ETC.
Place of publication, distribution, etc. Cairo :
Name of publisher, distributor, etc. Hanan Elsayed Moussa Elsayed ,
Date of publication, distribution, etc. 2003
300 ## - PHYSICAL DESCRIPTION
Extent 120P :
Other physical details charts ;
Dimensions 30cm
502 ## - DISSERTATION NOTE
Dissertation note Thesis (M.Sc.) - Cairo University - Faculty Of Engineering - Department Of Chemical Engineering
530 ## - ADDITIONAL PHYSICAL FORM AVAILABLE NOTE
Additional physical form available note Issued also as CD
653 #4 - INDEX TERM--UNCONTROLLED
Uncontrolled term Considering
653 #4 - INDEX TERM--UNCONTROLLED
Uncontrolled term Fouling
653 #4 - INDEX TERM--UNCONTROLLED
Uncontrolled term Heat exchangers
700 0# - ADDED ENTRY--PERSONAL NAME
Personal name Kamal Ahmed Abed ,
Relator term
700 0# - ADDED ENTRY--PERSONAL NAME
Personal name Mai Mohamed Kamal Fouad ,
Relator term
856 ## - ELECTRONIC LOCATION AND ACCESS
Uniform Resource Identifier <a href="http://172.23.153.220/th.pdf">http://172.23.153.220/th.pdf</a>
905 ## - LOCAL DATA ELEMENT E, LDE (RLIN)
Cataloger Mustafa
Reviser Revisor
905 ## - LOCAL DATA ELEMENT E, LDE (RLIN)
Cataloger Samia
Reviser Cataloger
942 ## - ADDED ENTRY ELEMENTS (KOHA)
Source of classification or shelving scheme Dewey Decimal Classification
Koha item type Thesis
المقتنيات
Source of classification or shelving scheme Not for loan Home library Current library Date acquired Full call number Barcode Date last seen Koha item type
Dewey Decimal Classification   المكتبة المركزبة الجديدة - جامعة القاهرة قاعة الرسائل الجامعية - الدور الاول 11.02.2024 Cai01.13.04.M.Sc.2003.Ha.P 01010110041365000 22.09.2023 Thesis
Dewey Decimal Classification   المكتبة المركزبة الجديدة - جامعة القاهرة مخـــزن الرســائل الجـــامعية - البدروم 11.02.2024 Cai01.13.04.M.Sc.2003.Ha.P 01020110041365000 22.09.2023 CD - Rom
Cairo University Libraries Portal Implemented & Customized by: Eng. M. Mohamady Contacts: new-lib@cl.cu.edu.eg | cnul@cl.cu.edu.eg
CUCL logo CNUL logo
© All rights reserved — Cairo University Libraries
CUCL logo
Implemented & Customized by: Eng. M. Mohamady Contact: new-lib@cl.cu.edu.eg © All rights reserved — New Central Library
CNUL logo
Implemented & Customized by: Eng. M. Mohamady Contact: cnul@cl.cu.edu.eg © All rights reserved — Cairo National University Library